00813nam a2200181 a 4500008004100000020001800041050001600059100002900075245008300104250001200187260005000199300002200249350001100271650001500282995018200297999001700479952013500496150817s2001 ||||||||||||||||| || u a9780130176974 aQP 34.5 Sil aSilverthorn, Dee Uuglaub10aHuman physiology: an integrated approach.(2nd ed.)cby Dee Unglaub Silverthorn a2nd ed. aUnited States of AmericabPrentice Hallc2001 axxxi, 815p. :ill. a126.00 aPHYSIOLOGY aMICHAEL CHILUFYA SATA OPEN ACCESSe903089FCBU-SCHOOL OF MEDICINE LIBRARY (Ndola)I126.00jQP 34.5 SilM1UAVAILABLEWSep 4, 2015y903089ZMedical Library Open Access Collection c31739d31739 00102lcc4070a002b002cMedical Library Open Access Collectiond2022-11-30l0oQP 34.5 Silp903089r2022-11-30w2022-11-30y002